MARC details
| 000 -LÍDER |
| campo de controle de tamanho fixo |
01603nam a2200373 4500 |
| 001 - NÚMERO DE CONTROLE |
| campo de controle |
284 |
| 003 - IDENTIFICADOR DO NÚMERO DE CONTROLE |
| campo de controle |
OSt |
| 005 - DATA E HORÁRIO DA ÚLTIMA TRANSAÇÃO |
| campo de controle |
20250528074017.0 |
| 008 - CAMPO DE DADOS FIXOS--INFORMAÇÃO GERAL |
| campo de controle de tamanho fixo |
250317b |||||||j |||| 00| 1 eng d |
| 022 ## - ISBN - INTERNATIONAL STANDARD BOOK NUMBER |
| ISSN - International Standard Serial Number |
01043242 |
| 040 ## - FONTE DA CATALOGAÇÃO |
| Idioma da catalogação |
por |
| 041 ## - CÓDIGO DE IDIOMA |
| Código do idioma do original e/ou traduções intermediárias do texto |
ita |
| Código do idioma do texto/trilha sonora ou título diferente |
por |
| 082 ## - CDD - CLASSIFICAÇÃO DECIMAL DE DEWEY |
| Número de Classificação |
028.5 |
| Número do exemplar |
B712t |
| 100 1# - ENTRADA PRINCIPAL--NOME PESSOAL |
| Nome pessoal |
Bonelli, Gian luigi. |
| Datas associadas ao nome |
1908-2001 |
| 9 (RLIN) |
526 |
| 240 ## - TÍTULO UNIFORME |
| Título uniforme |
Tex |
| 245 ## - TÍTULO |
| Título |
Tex |
| Restante do título |
Guerra no povoado - n° 581 / |
| Indicação de responsabilidade, etc. |
Bonelli, G. L. ; Galleppini, A. ; Texto de Pasquale Ruju ; Desenho de Filippuci e Tradução de Paulo Guanaes |
| 260 ## - PUBLICAÇÃO, DISTRIBUIÇÃO, ETC. |
| Local de publicação, distribuição, etc. |
Ouro Preto |
| Nome do editor, distribuidor, etc. |
Mythos |
| Data da publicação, distribuição, etc. |
2018 |
| 300 ## - DESCRIÇÃO FÍSICA |
| Extensão |
114 p. |
| Outros detalhes físicos |
il. |
| 490 1# - TÍTULO DA SÉRIE |
| Título da série |
Tex |
| Número do volume ou designação sequencial da série |
vol. 581 |
| 520 ## - NOTA DE RESUMO, ETC. |
| Resumo, etc. |
Tex n 581<br/><br/>Publicada originalmente em Tex (1958) n 681/2017 - Sergio Bonelli Editore<br/><br/>Tex e seu filho Kit chegam ao povoado texano de Tabla Sagrada para prender os irmãos Forrester por terem matado o xerife de outra cidade. Mas no caminho para lá, pai e filho descobrem que um enorme bando de mexicanos está indo para Tabla Sagrada para matar os irmãos e arrasar a cidade. Então, eles terão que fazer uma insólita aliança com os Forresters para defender o povoado. Mas o que podem fazer 5 contra 50? |
| 650 #0 - ASSUNTO--TERMO TÓPICO |
| Cabeçalho tópico ou nome geográfico |
Literatura italiana |
| 9 (RLIN) |
164 |
| 650 #0 - ASSUNTO--TERMO TÓPICO |
| Cabeçalho tópico ou nome geográfico |
Infantojuvenil |
| 9 (RLIN) |
200 |
| 650 #0 - ASSUNTO--TERMO TÓPICO |
| Cabeçalho tópico ou nome geográfico |
Faroeste |
| 9 (RLIN) |
340 |
| 650 #0 - ASSUNTO--TERMO TÓPICO |
| Cabeçalho tópico ou nome geográfico |
Aventura |
| 9 (RLIN) |
47 |
| 650 #0 - ASSUNTO--TERMO TÓPICO |
| Cabeçalho tópico ou nome geográfico |
Ação |
| 9 (RLIN) |
64 |
| 655 #0 - TERMO DE ÍNDICE--GÊNERO E FORMA |
| Gênero/forma/ou termo foco |
HQs |
| 655 #0 - TERMO DE ÍNDICE--GÊNERO E FORMA |
| Gênero/forma/ou termo foco |
Ficção |
| 700 ## - ENTRADA ADICIONADA - NOME PESSOAL |
| Nome pessoal |
Galleppini, A |
| Função do autor por extenso |
Coautor |
| Títulos e outras palavras associadas a um nome |
Coautor |
| 9 (RLIN) |
527 |
| 700 ## - ENTRADA ADICIONADA - NOME PESSOAL |
| Nome pessoal |
Ruju, Pasquale |
| Função do autor por extenso |
Texto |
| Títulos e outras palavras associadas a um nome |
Texto |
| 9 (RLIN) |
528 |
| 700 ## - ENTRADA ADICIONADA - NOME PESSOAL |
| Nome pessoal |
Filippucci |
| Função do autor por extenso |
Desenho |
| Títulos e outras palavras associadas a um nome |
Desenho |
| 9 (RLIN) |
529 |
| 700 ## - ENTRADA ADICIONADA - NOME PESSOAL |
| Nome pessoal |
Paulo Guanaes |
| Função do autor por extenso |
Tradução |
| 9 (RLIN) |
530 |
| 830 ## - ENTRADA SECUNDÁRIA DE SÉRIE--TÍTULO UNIFORME |
| Título uniforme |
Tex |
| Número do volume ou designação sequencial da série |
vol. 581 |
| 9 (RLIN) |
531 |
| 942 ## - ELEMENTOS DE ENTRADA ADICIONADOS (KOHA) |
| Fonte de classificação ou esquema de arquivamento |
Classificação decimal de Dewey |
| Ocultar no OPAC |
Não |
| Tipo de material Koha |
Livros |